000 00667nam a2200265Ia 4500
005 20260302113917.0
008 008 260114s9999 xx 000 0 eng d
020 _a9781978734456
037 _aTextbook
040 _aCRL
040 _beng
040 _cCRL
041 _2eng
041 _aeng
084 _qCRL
100 _aTendayi Sithole
_91117184
245 4 _aThe Letter in Black Radical Thought
260 _bBloomsbury
260 _bLexington Books
260 _c2023
650 _aPolitics
856 _uhttps://doi.org/10.5040/9781978734456?locatt=label:secondary_bloomsburyCollections
942 _cEBOOK
999 _c1680674
_d1680674